|
|
|
|
| LEADER |
00000cam a2200000 7i4500 |
| 001 |
0000003698 |
| 005 |
20090108.0 |
| 090 |
0 |
0 |
|a 354.595062
|b MAL 2008
|
| 110 |
1 |
0 |
|a MALAYSIA
|
| 245 |
1 |
0 |
|a Arahan Perbendaharaan
|
| 260 |
0 |
0 |
|a Kuala Lumpur :
|b [Kementerian Kewangan] ,
|c 2008
|
| 300 |
|
|
|a viii, 178 p. ;
|c 25 cm.
|
| 650 |
0 |
0 |
|a Finance, Public
|z Malaysia
|x Law
|
| 650 |
0 |
0 |
|a Fiscal policy
|z Malaysia
|
| 998 |
|
|
|a JPSM
|
| 999 |
|
|
|a 0000007446
|b Monograph
|c Open Shelf
|e Default branch
|
| 999 |
|
|
|a 0000007447
|b Monograph
|c Open Shelf
|e Default branch
|
| 999 |
|
|
|a 0000007448
|b Monograph
|c Open Shelf
|e Default branch
|
| 999 |
|
|
|a 0000007449
|b Monograph
|c Open Shelf
|e Default branch
|
| 999 |
|
|
|a 0000007450
|b Monograph
|c Open Shelf
|e Default branch
|